Les 100 plus gros Transferts de la Bundesliga (Départs) - Statistiques

Statistiques générales
  • Ce quiz a été pris 1 345 fois
    236 depuis la dernière actualisation
  • Le résultat moyen est 51 sur 100
Statistiques - réponses
Rang Saison Club de Départ Club d'Arrivée Montant Réponse % Correct
2 23/24 Borussia Dortmund Real Madrid 113 000 000 € Jude Bellingham
99%
1 17/18 Borussia Dortmund FC Barcelone 135 000 000 € Ousmane Dembélé
99%
3 23/24 Eintracht Francfort Paris SG 95 000 000 € Randal Kolo Muani
98%
5 21/22 Borussia Dortmund Manchester United 85 000 000 € Jadon Sancho
95%
7 15/16 VFL Woflsburg Manchester City 76 000 000 € Kevin De Bruyne
94%
4 23/24 RB Leipzig Manchester City 90 000 000 € Josko Gvardiol
92%
8 24/25 Eintracht Francfort Manchester City 75 000 000 € Omar Marmoush
91%
6 20/21 Bayer Leverkusen Chelsea FC 80 000 000 € Kai Havertz
89%
12 19/20 Eintracht Francfort Real Madrid 63 000 000 € Luka Jovic
88%
23 22/23 Bayern Munich FC Barcelone 45 000 000 € Robert Lewandowski
88%
11 17/18 Borussia Dortmund Arsenal FC 63 750 000 € Pierre-Emerick Aubameyang
87%
16 24/25 RB Leipzig FC Barcelone 55 000 000 € Dani Olmo
86%
22 23/24 Bayern Munich Paris SG 45 000 000 € Lucas Hernandez
85%
9 23/24 RB Leipzig FC Liverpool 70 000 000 € Dominik Szoboszlai
83%
14 22/23 Borussia Dortmund Manchester City 60 000 000 € Erling Haaland
83%
26 15/16 FC Schalke 04 VFL Wolfsburg 43 000 000 € Julian Draxler
82%
38 16/17 VFL Woflsburg Paris SG 36 000 000 € Julian Draxler
82%
18 20/21 RB Leipzig Chelsea FC 53 000 000 € Timo Werner
80%
33 21/22 RB Leipzig FC Liverpool 40 000 000 € Ibrahima Konaté
79%
13 23/24 RB Leipzig Chelsea FC 60 000 000 € Christopher Nkunku
78%
19 16/17 FC Schalke 04 Manchester City 52 000 000 € Leroy Sané
78%
41 16/17 Borussia Dortmund Bayern Munich 35 000 000 € Mats Hummels
78%
47 19/20 Bayern Munich Borussia Dortmund 30 500 000 € Mats Hummels
78%
21 24/25 Bayern Munich Manchester United 45 000 000 € Matthijs de Ligt
78%
36 13/14 Borussia Dortmund Bayern Munich 37 000 000 € Mario Götze
77%
83 16/17 Bayern Munich Borussia Dortmund 22 000 000 € Mario Götze
77%
15 18/19 RB Leipzig FC Liverpool 60 000 000 € Naby Keïta
77%
17 23/24 Bayer Leverkusen Aston Villa 55 000 000 € Moussa Diaby
76%
27 21/22 RB Leipzig Bayern Munich 42 500 000 € Dayot Upamecano
73%
35 18/19 FC Schalke 04 Paris SG 37 000 000 € Thilo Kehrer
73%
10 18/19 Borussia Dortmund Chelsea FC 64 000 000 € Christian Pulisic
71%
24 16/17 Monchengladbach Arsenal FC 45 000 000 € Granit Xhaka
68%
29 15/16 TSG Hoffenheim FC Liverpool 41 000 000 € Roberto Firmino
66%
49 23/24 Bayern Munich Al Nassr 30 000 000 € Sadio Mané
65%
20 19/20 Eintracht Francfort West Ham United 50 000 000 € Sébastien Haller
65%
46 23/24 Bayern Munich Inter Milan 31 400 000 € Benjamin Pavard
61%
31 23/24 VFL Woflsburg Tottenham Hotspur 40 000 000 € Micky van de Ven
61%
39 24/25 RB Leipzig Al-Nassr 35 000 000 € Mohamed Simakan
61%
60 16/17 Borussia Dortmund Manchester City 27 000 000 € Ilkay Gundogan
60%
53 11/12 FC Schalke 04 Bayern Munich 30 000 000 € Manuel Neuer
60%
32 23/24 Bayern Munich FC Liverpool 40 000 000 € Ryan Gravenberch
60%
74 14/15 Bayern Munich Real Madrid 25 000 000 € Toni Kroos
59%
43 19/20 Borussia Dortmund Paris SG 32 000 000 € Abdou Diallo
56%
56 18/19 FSV Mayence 05 Borussia Dortmund 28 000 000 € Abdou Diallo
56%
28 16/17 Borussia Dortmund Manchester United 42 000 000 € Henrikh Mkhitaryan
55%
54 09/10 VFB Stuttgart Bayern Munich 30 000 000 € Mario Gomez
55%
34 18/19 Bayern Munich Juventus Turin 40 000 000 € Douglas Costa
53%
37 10/11 VFL Woflsburg Manchester City 37 000 000 € Edin Dzeko
53%
25 19/20 TSG Hoffenheim Newacastle United 43 500 000 € Joelinton
52%
40 21/22 Hertha BSC Atlético Madrid 35 000 000 € Matheus Cunha
52%
63 21/22 Hertha BSC Atlético Madrid 26 000 000 € Matheus Cunha
52%
96 19/20 Bayern Munich Lille OSC 20 000 000 € Renato Sanches
52%
52 15/16 Bayer Leverkusen Tottenham Hotspur 30 000 000 € Heung-min Son
45%
42 21/22 Bayer Leverkusen Aston Villa 32 000 000 € Leon Bailey
45%
57 22/23 Bayern Munich FC Bologne 27 500 000 € Joshua Zirkzee
44%
92 22/23 Borussia Dortmund Manchester City 20 000 000 € Manuel Akanji
44%
59 24/25 Borussia Dortmund Wesh Ham United 27 000 000 € Niclas Fullkrug
44%
30 22/23 TSG Hoffenheim Leeds United 40 500 000 € Georginio Rutter
43%
82 20/21 Bayern Munich FC Liverpool 22 000 000 € Thiago Alcantara
42%
51 16/17 VFL Woflsburg Borussia Dortmund 30 000 000 € André Schürrle
41%
85 13/14 Bayer Leverkusen Chelsea FC 22 000 000 € André Schürrle
41%
70 19/20 Bayer Leverkusen Borussia Dortmund 25 000 000 € Julian Brandt
40%
91 23/24 VFB Stuttgart FC Liverpool 20 000 000 € Wataru Endo
40%
68 24/25 Borussia Dortmund Aston Villa 25 000 000 € Donyell Malen
39%
48 23/24 VFL Woflsburg Borussia Dortmund 30 000 000 € Felix Nmecha
39%
100 18/19 Bayer Leverkusen AS Monaco 20 000 000 € Benjamin Henrichs
35%
55 24/25 TSG Hoffenheim Borussia Dortmund 28 500 000 € Maximilian Beier
31%
93 22/23 SC Fribourg Borussia Dortmund 20 000 000 € Nico Schlotterbeck
31%
79 19/20 Borussia Dortmund Villarreal CF 23 000 000 € Paco Alcacer
31%
78 21/22 Eintracht Francfort RB Leipzig 23 000 000 € André Silva
30%
72 18/19 Bayer Leverkusen Arsenal FC 25 000 000 € Bernd Leno
30%
95 19/20 Borussia Dortmund SL Benfica 20 000 000 € Julian Weigl
30%
50 23/24 Eintracht Francfort SSC Naples 30 000 000 € Jesper Lindstrom
29%
62 22/23 TSG Hoffenheim RB Leipzig 26 000 000 € David Raum
28%
66 19/20 Monchengladbach Borussia Dortmund 25 500 000 € Thorgan Hazard
27%
76 24/25 VFB Stuttgart Bayern Munich 23 500 000 € Hiroki Ito
26%
80 24/25 VFB Stuttgart Borussia Dortmund 22 500 000 € Waldermar Anton
25%
61 09/10 Werder Breme Juventus Turin 27 000 000 € Diego
24%
77 17/18 Bayer Leverkusen AC Milan 23 300 000 € Hakan Calhanoglu
24%
44 19/20 TSG Hoffenheim Bayer Leverkusen 32 000 000 € Kerem Demirbay
24%
84 14/15 Bayern Munich Atlético Madrid 22 000 000 € Mario Mandzukic
24%
45 24/25 FSV Mayence 05 Brighton 31 500 000 € Brajan Gruda
22%
58 21/22 VFB Stuttgart ACF Fiorentina 27 370 000 € Nico Gonzalez
21%
99 18/19 Borussia Dortmund West Ham United 20 000 000 € Andriy Yarmolenko
20%
65 23/24 TSG Hoffenheim RB Leipzig 25 500 000 € Christoph Baumgartner
20%
69 23/24 SC Fribourg Brentford 25 000 000 € Kevin Schade
18%
64 15/16 FC Augsbourg Chelsea FC 26 000 000 € Abdul-Rahman Baba
17%
67 19/20 TSG Hoffenheim Borussia Dortmund 25 500 000 € Nico Schulz
17%
87 24/25 FC Augsbourg VFB Stuttgart 21 000 000 € Ermedin Demirovic
16%
97 19/20 Borussia Dortmund Dynamo Moscou 20 000 000 € Maximilian Philipp
16%
75 07/08 Bayern Munich Manchester United 25 000 000 € Owen Hargreaves
16%
89 22/23 FC Union Berlin Nottingham Forest 20 500 000 € Taiwo Awoniyi
16%
71 19/20 FSV Mayence 05 FC Everton 25 000 000 € Jean-Philippe Gbamin
14%
98 18/19 Werder Breme Borussia Dortmund 20 000 000 € Thomas Delaney
13%
86 18/19 SC Fribourg Leicester City 21 100 000 € Caglar Söyüncü
12%
73 18/19 Monchengladbach FC Southampton 25 000 000 € Jannik Vestergaard
10%
90 23/24 VFB Stuttgart West Ham United 20 000 000 € Konstantinos Mavropanos
9%
88 20/21 RB Leipzig Leeds United 21 000 000 € Jean-Kévin Augustin
7%
94 21/22 Hertha BSC FK Krasnodar 20 000 000 € Jhon Cordoba
7%
81 19/20 Hertha BSC Inter Milan 22 400 000 € Valentino Lazaro
7%
Aucun quiz correspondant
Distribution des résultats
% des personnes avec chaque résultat
Percentile par nombre de réponses
Votre historique - résultats
Vous n’avez pas pris ce quiz depuis la dernière actualisation